[Event "Rawson op 31th"]
[Site "Rawson"]
[Date "2014.02.01"]
[Round "2.2"]
[White "Schanz, Sebastian"]
[Black "Scarella, Enrique Alejandro"]
[Result "0-1"]
[WhiteElo "1932"]
[BlackElo "2377"]
[PlyCount "44"]
[EventDate "2014.01.31"]
[EventType "swiss"]
[EventRounds "7"]
[EventCountry "ARG"]
[SourceTitle "EXT 2024"]
[Source "ChessBase"]
[SourceDate "2023.10.10"]
[SourceVersion "1"]
[SourceVersionDate "2023.10.10"]
[SourceQuality "1"]

1. Nf3 c5 2. c4 Nc6 3. e3 g6 4. d4 Bg7 5. Nc3 Nf6 6. d5 Na5 7. Bd3 d6 8. e4 0-0 9. e5 dxe5 10. Nxe5 Nxd5 11. Nxd5 Bxe5 12. Bg5 Nc6 13. Qe2 Re8 14. 0-0 Bg7 15. Rad1 Be6 16. Bxg6 hxg6 17. Nxe7+ Nxe7 18. Rxd8 Raxd8 19. b3 Rd7 20. Be3 b6 21. g4 Nc6 22. Qf3 Ne5 0-1